| 000 | 00522nam a22001817a 4500 | ||
|---|---|---|---|
| 005 | 20251108172854.0 | ||
| 008 | 250721s2004 xx 000 0 ara d | ||
| 082 | 1 | 4 | _a153.1/سلي |
| 100 | 1 | _aالسليمان، هاني | |
| 245 | 1 | 0 | _aفن التعامل مع الاخرين / |
| 264 | 1 |
_aعمان : _bدارالإسراء، _c2004. |
|
| 300 | _a80 ص | ||
| 490 | 0 |
_aدليلك الى تطوير شخصيتك _v5 |
|
| 650 | 1 | 7 | _aعلم النفس |
| 650 | 1 | 7 | _aالذاكرة |
| 942 |
_2ddc _cBK |
||
| 999 |
_c90559 _d90559 |
||